Prehľad udalostí v roku 1998
Prehľad udalostí na Slovensku a v zahraničí za obdobie január-december roku 1998. Vnútorná a zahraničná politika SR. Situácia hospodárska.
Na minha lista:
| Formato: | Capítulo de Livro |
|---|---|
| Idioma: | eslovaco |
| Assuntos: | |
| Tags: |
Sem tags, seja o primeiro a adicionar uma tag!
|
MARC
| LEADER | 00000naa a2200000 4500 | ||
|---|---|---|---|
| 001 | r033881 | ||
| 005 | 20230921103357.9 | ||
| 041 | 0 | |a slo | |
| 044 | |a SK | ||
| 245 | 1 | 0 | |a Prehľad udalostí v roku 1998 |
| 520 | |a Prehľad udalostí na Slovensku a v zahraničí za obdobie január-december roku 1998. Vnútorná a zahraničná politika SR. Situácia hospodárska. | ||
| 610 | 2 | 0 | |a politika vnútorná |
| 610 | 2 | 0 | |a politika zahraničná |
| 610 | 2 | 0 | |a situácia hospodárska |
| 610 | 2 | 0 | |a voľby |
| 610 | 2 | 0 | |a Slovensko |
| 610 | 2 | 0 | |a 1998 |